Guess the US state by 5 of its cities - Statistics

General Stats
  • This quiz has been taken 55 times
  • The average score is 17 of 20
Answer Stats
Cities Answer % Correct
Ocala, Gainesville, Panama City, Deltona, Melbourne Florida
100%
Riverside, Redding, Yuba City, Sunnyvale, Barstow California
94%
Port Jervis, Hicksville, Montauk, Poughkeepsie, Ticonderoga New York
92%
Prescott, Sierra Vista, Bullhead City, Quartzsite, Kingman Arizona
91%
Worcester, Cambridge, Quincy, Pittsfield, Concord Massachusetts
91%
Port Angeles, Colville, Kennewick, Vancouver, Bellingham Washington
91%
Sandy Springs, Brunswick, Albany, Columbus, Rome Georgia
87%
Bend, Coos Bay, Grants Pass, Medford, Astoria Oregon
87%
Pigeon Forge, Kingsport, Johnson City, Clarksville, Murfreesboro Tennessee
87%
Orem, Moab, Hurricane, Deseret, Wendover Utah
87%
Monroe, Alexandria, New Iberia, Pineville, Kenner Louisiana
85%
Miles City, Gardiner, Butte, Wolf Point, Black Eagle Montana
85%
Pennsauken, Piscataway, Runnemede, Mercerville, Ocean City New Jersey
85%
Fond du Lac, Appleton, Superior, Eau Claire, La Crosse Wisconsin
85%
Pine Bluff, Fort Smith, Rogers, Hot Springs, Diamond City Arkansas
83%
Bar Harbor, Mars Hill, Machias, Jackman, Brewer Maine
81%
Boone, Asheville, Apex, Leland, Waxhaw North Carolina
81%
West Wendover, Winnemucca, Sparks, Dayton, Laughlin Nevada
75%
Guymon, Lawton, Norman, Moore, Altus Oklahoma
75%
Scottsbluff, Alliance, Kearney, Fremont, Ogallala Nebraska
72%
No matching quizzes found
Score Distribution
Percent of People with Each Score
Percentile by Number Answered
Your Score History
You have not taken this quiz